000 01463cam a22002891i 4500
003 SA-RiAUC
005 20241216141650.0
008 241216s2013____ti g 00010cara c
040 _aSA-RiKAPL
_bara
_cSA-RiAUC
_erda
043 _aa-iq---
082 0 4 _a956.712
_qSA-RiAUC
090 _a956.712
_b ا ب ن م
100 1 _aابن المستوفي الإربلي، المبارك بن أحمد بن المبارك،
_d564-637 هجري
_eمؤلف.
245 1 0 _aتاريخ إربل، المسمى، نباهة البلد الخامل بمن ورده من الأماثل /
_cتأليف شرف الدين أبي البركات المبارك بن أحمد اللخمي الإربيلي المعروف بابن المستوفي ؛ حققه وعلق عليه بشار عواد معروف، صلاح محمد جرار.
246 3 3 _aنباهة البلد الخامل بمن ورده من الأماثل
264 1 _aتونس :
_bدار الغرب الإسلامي،
_c2013
300 _a574 صفحة ؛
_c24 سم
336 _aنص
_btxt
_2rdacontent
_3كتاب
337 _aبدون وسيط
_bn
_2rdamedia
338 _aمجلد
_bnc
_2rdacarrier
651 7 _aأربيل (العراق)
_vتراجم
_2aucsh
651 7 _aأربيل (العراق)
_xتاريخ
_2aucsh
700 1 _aمعروف، بشار عواد،
_d1940-
_eمحقق.
700 1 _aجرار، صلاح،
_d1952-
_eمحقق.
942 _2ddc
_cBOOK
_n0
949 _aSA-JeALM
_d241216
_uosman123
_n1
999 _c3564
_d3564